000 01179nam a2200277Ia 4500
005 20220317001043.0
008 160825s2007 sp g 000 0 spa
020 _a97884752213012
100 1 _aColeridge, Samuel Taylor,
_d 1772-1834
245 1 0 _aBalada del viejo marinero y otros poemas
_cSamuel Taylor Coleridge ; introducción de Harold Bloom ; selección y traducción José María Martín Triana
250 _a6a. edición
300 _a152 páginas
_c20 cm
490 _aVisor de poesia
505 _aLa rima del anciano marinero ; Tiempo real e imaginario ; Amor ; Fantasma ; El arpa eólica ; El ruiseñor ; Escarcha a medianoche ; Abatimiento ; soneto al río Otter ; Los dolores del dormir ; Trabajando sin esperanza ; Juventud y vejez
650 1 4 _2LEMB
_aPoesia Inglesa
650 1 4 _2LEMB
_aLiteratura inglesa
650 1 4 _2LEMB
_aBarcos en la literatura
700 1 _aMartín Triana, Jose María
_964933
942 _2loc
_cBKLIT
264 _aMadrid
_bVisor
_c2007
336 _atexto
_btxt
_2rdacontent
337 _asin mediación
_bn
_2rdamedia
338 _avolumen
_bnc
_2rdacarrier
040 _aCO-BoRNBP
_bspa
_erda
_cCO-BoRNBP
084 _aP COL5
999 _c5796
_d5796